000 00368nam a2200145 i 4500
001 bg
100 1 _aKERNIGHAN, Brian W.
245 0 _aNarzędzia programistyczne w Pascalu /
_cBrian W.Kernighan,P.J.Plauger.
260 _aWarszawa,
_c1989.
700 1 _aPLAUGER, P.J.
040 _cBPK
041 _apol
942 _cKS
008 s pl f |000 0 pol
999 _c29040
_d29040
856 _uhttp://koha.tu.koszalin.pl/cgi-bin/koha/opac-detail.pl?biblionumber=29040
_yKatalog online BPK